Computer repair : (Record no. 56887)

MARC details
000 -LEADER
fixed length control field 00884 a2200229 4500
008 - FIXED-LENGTH DATA ELEMENTS--GENERAL INFORMATION
fixed length control field 210825b ||||| |||| 00| 0 eng d
020 ## - INTERNATIONAL STANDARD BOOK NUMBER
International Standard Book Number 9780985651923
050 ## - LIBRARY OF CONGRESS CALL NUMBER
Classification number TK7887
Item number .J37 2019
100 ## - MAIN ENTRY--PERSONAL NAME
Personal name Jaskulski, Ken
245 ## - TITLE STATEMENT
Title Computer repair :
Remainder of title smartiepants /
Statement of responsibility, etc Ken Jaskulski,
260 ## - PUBLICATION, DISTRIBUTION, ETC. (IMPRINT)
Date of publication, distribution, etc 2019
Place of publication, distribution, etc Philadelphia :
Name of publisher, distributor, etc Computer Operation Consultants, Inc.,
300 ## - PHYSICAL DESCRIPTION
Extent 287p :
Other physical details ill. ;
Dimensions 27cm.
500 ## - GENERAL NOTE
General note Includes bibliographical references and index.
650 ## - SUBJECT ADDED ENTRY--TOPICAL TERM
Source of heading or term
Topical term or geographic name as entry element Computers
General subdivision Maintenance and repair
650 ## - SUBJECT ADDED ENTRY--TOPICAL TERM
Topical term or geographic name as entry element Microcmputers
General subdivision Maintenance and repair.
650 ## - SUBJECT ADDED ENTRY--TOPICAL TERM
Topical term or geographic name as entry element Computers
General subdivision Equipment and supplies
-- Maintenance and repair.
650 ## - SUBJECT ADDED ENTRY--TOPICAL TERM
Topical term or geographic name as entry element Microcmputers
General subdivision Equipment and supplies
-- Maintenance and repair.
650 ## - SUBJECT ADDED ENTRY--TOPICAL TERM
Topical term or geographic name as entry element Microcomputers
General subdivision Upgrading
650 ## - SUBJECT ADDED ENTRY--TOPICAL TERM
Topical term or geographic name as entry element Microcomputers
General subdivision Equipment and supplies
650 ## - SUBJECT ADDED ENTRY--TOPICAL TERM
Source of heading or term Utilities (Computer programs)
942 ## - ADDED ENTRY ELEMENTS (KOHA)
Item type Book
Source of classification or shelving scheme Library of Congress Classification
Holdings
Withdrawn status Lost status Source of classification or shelving scheme Damaged status Not for loan Collection code Home library Current library Shelving location Date acquired Source of acquisition Cost, normal purchase price Full call number Barcode Copy number Price effective from Koha item type Total Checkouts Total Renewals Date last seen Date last borrowed
    Library of Congress Classification     Non-fiction Bishop Okullu Memorial Library (Limuru Campus) Bishop Okullu Memorial Library (Limuru Campus) General Circulation 25/08/2021 Donations TBN 2421.00 TK7887 .J37 2019 066588 1 25/08/2021 Book        
    Library of Congress Classification     Non-fiction Bishop Okullu Memorial Library (Limuru Campus) Bishop Okullu Memorial Library (Limuru Campus) General Circulation 25/08/2021 Donations TBN 2421.00 TK7887 .J37 2019 066589 2 25/08/2021 Book        
    Library of Congress Classification     Non-fiction Nairobi Campus Nairobi Campus General Circulation 25/08/2021 Donations TBN 2421.00 TK7887 .J37 2019 066590 3 25/08/2021 Book 2 1 10/03/2026 19/02/2026